000 00433nam a22001457a 4500
999 _c27641
_d27641
008 250214b ||||| |||| 00| 0 eng d
020 _a0851122019
082 0 0 _a790.134
_bM4381
100 _95754
_aMatthews, Peter
245 1 0 _aThe Gunness Book of winners and champions
_cPeter Matthews
260 _aMiddlesex:
_bGunness superlatives,
_c1945.
300 _a256 p.
650 0 _aGunness Book, Competitions-Dictionaries
942 _cBK